| 000 | 00623nam a2200253Ia 4500 | ||
|---|---|---|---|
| 001 | 16433 | ||
| 003 | GE_BSU | ||
| 008 | 181216s||||||||xx |||||||||||||| ||und|| | ||
| 010 | _aISBN:978-3-12-605164-4 | ||
| 040 | _cGE_BSU | ||
| 080 | _a811.112+61 | ||
| 100 | _aGrosser,Regine | ||
| 245 | _aDeutsch im Krankenhaus | ||
| 245 | _bIntensivtrainer | ||
| 260 | _aMunchen | ||
| 260 | _bKlett-Langenscheidt | ||
| 260 | _c2015 | ||
| 300 | _a96p:ill.;28cm | ||
| 541 | _h60gel. | ||
| 653 | _aDeutsch im Krankenhaus | ||
| 653 | _aგერმანული ენა | ||
| 653 | _aმედიცინა | ||
| 942 | _cBK | ||
| 999 |
_c49504 _d49504 |
||